000 00272nam a2200109Ia 4500
008 200302s9999 xx 000 0 und d
100 _aMarta Serrats
245 _aCloud 9 Rooftop Architecture
260 _bPage one Publishing Pvt. Ltd.
260 _c2010
300 _a191 P.,
999 _c3032
_d3032